EQUIDAD Y CALIDAD PARA ATENDER A LA DIREVSIDAD /
INCLUYE BIBLIOGRAFIA
Đã lưu trong:
| Tác giả của công ty: | |
|---|---|
| Định dạng: | Hội nghị đang tiến hành Sách |
| Những chủ đề: | |
| Các nhãn: |
Không có thẻ, Là người đầu tiên thẻ bản ghi này!
|
MARC
| LEADER | 00000nam^a2200000^a^4500 | ||
|---|---|---|---|
| 001 | 000248453 | ||
| 005 | 20250521000000.0 | ||
| 009 | 20260310105649.726 | ||
| 020 | |a 950-802-144-6 | ||
| 035 | |a 071976 | ||
| 037 | |a Acervo Xavier Clavigero | ||
| 082 | |a 370. 19 |b CON | ||
| 111 | 1 | |a Congreso Internacional de Integración de Niños Con Discapacidad a la Escuela Común ( |n 1O : |d 2002 : |c Buenos Aires, Argentina) | |
| 245 | 1 | 0 | |a EQUIDAD Y CALIDAD PARA ATENDER A LA DIREVSIDAD / |c DIR. LUCRECIA BILLOCH, R.J.M |
| 264 | |a Buenos Aires, Argentina : |b Espacio, |c 2002 | ||
| 300 | |a 159 p. : |b tbs. | ||
| 336 | |a texto |b txt |2 rdacontenido | ||
| 337 | |a sin mediación |b n |2 rdamedio | ||
| 338 | |a volumen |b nc |2 rdasoporte | ||
| 520 | |a INCLUYE BIBLIOGRAFIA | ||
| 649 | |a XX | ||
| 650 | |a Sociología de la Educación | ||
| 650 | |a Educación - |x Congresos - |x Tema Principal | ||
| 650 | |a Niños - |x Condiciones Sociales y Culturales | ||
| 650 | |a Diversidad Cultural | ||
| 910 | |a Fondo General | ||
| 920 | |a Impresos - Libros | ||
| 930 | |a Colección General | ||
| 905 | |a 101 | ||
| 901 | |a 071976 |b IT1 |c ACC |i 071976 |u 20250521 | ||
| 902 | |a https://opac.biblio.iteso.mx/vufind/Record/000248453 | ||